000 00744nam a2200193 a 4500
003 0
005 20250214112552.0
008 110621s19uu xx 00 eng d
050 _aPHS QR 84.8
_b.D37 2011
100 _aDeiparine, Lanz Romulo N.
245 _aThe effect of tea extracts on the growth of Escherichia coli /
_cLanz Romulo N. Deiparine.
260 _aLas PiƱas City, Philippines :
_bSouthville International School and Colleges,
_c2011.
300 _a28 pages :
_billustrations ;
_c28 cm.
504 _aIncludes bibliographical references.
650 _aTea extracts
_xEscherichia coli
_xExperimental.
650 _aTea
_xExtracts
_vAntibacterial properties.
650 _aBacteria
_xEffect of plant extracts on.
942 _2lcc
_cPASS
999 _c98553
_d98553